000 nam a22 7a 4500
999 _c4770
_d235274
080 _a343.9 Ot 6
100 _4aut
_aOtón, Anamá Dafne
245 _aes justa la aplicación de la Teoría de la Participación criminal en los Delitos preterintencionales
300 _a46 P.
500 _aDirector de tesis:
502 _aTesis (Especialización en Derecho Penal)--Universidad Nacional de Mar del Plata. Facultad de Derecho. Departamento de Posgrado, 2012.
504 _aTiene Bibliografía: P. 51 a 53.
650 _2IEDCYT
_aderecho penal
_aparticipacion criminal
_aparticipacion
945 _acd
_d2018-06-27